000 00611nam a2200181 i 4500
001 183949
003 ES-MaACL
005 20230906222016.0
008 141223s1842 xxk |||| | eng d
080 _a61(410)
110 2 _aUniversity of St. Andrews.
_9156075
245 1 1 _a[Regulations for granting Medical degrees].
260 _a[S.l. :
_bs.n.,
_c1842?]
300 _a[4] p. ;
_c20 cm.
594 _aEncabezamiento y título tomados de principio del texto.
650 4 _aMedicina-
_zGran Bretaña.
_9175679
852 4 _aES-MaACL
_jT-15-F-5
_z- Enc. en un vol. facticio
_z- Falto de cub. original
999 _c183949
_d183949